'B' First Names Quiz Stats

 Plays Quiz Updated Apr 18, 2013

Also try: 'A' First Names
Challenge
Share
Tweet
Embed
Score 0/20 Timer 05:00
0 Plays Today
% Correct
Britney
97.1%
Bill
96.1%
Bob
95.6%
Bruce
95.1%
Barry
92.5%
Benito
88.7%
Brett
77.9%
Burt
74.9%
Brigitte
74.1%
Beatrix
73%
% Correct
Benny
72.5%
Buster
65.3%
Bonnie
55.1%
Basil
45.8%
Barbara
39.5%
Benjamin
33.9%
Brandon
33.2%
Bradley
29.1%
Brian
22%
Bernard
18.8%

You're not logged in!

Compare scores with friends on all Sporcle quizzes.
OR
Log In

You Might Also Like...

Show Comments

Extras

Top Quizzes Today


Score Distribution

Your Account Isn't Verified!

In order to create a playlist on Sporcle, you need to verify the email address you used during registration. Go to your Sporcle Settings to finish the process.

Report this User

Report this user for behavior that violates our Community Guidelines.

Details: